Administration of government industries: three essay on the public corporation (Record no. 478113)
[ view plain ]
| 000 -LEADER | |
|---|---|
| fixed length control field | 00551cam a22001577a 4500 |
| 008 - FIXED-LENGTH DATA ELEMENTS--GENERAL INFORMATION | |
| fixed length control field | 180718b1969 xxu||||| |||| 00| 0 eng d |
| 082 ## - DEWEY DECIMAL CLASSIFICATION NUMBER | |
| Classification number | U61 Ar67 |
| 100 ## - MAIN ENTRY--PERSONAL NAME | |
| Personal name | Arora, R.S. |
| 9 (RLIN) | 10464 |
| 245 ## - TITLE STATEMENT | |
| Title | Administration of government industries: three essay on the public corporation |
| Statement of responsibility, etc | by R.S. Arora |
| 260 ## - PUBLICATION, DISTRIBUTION, ETC. (IMPRINT) | |
| Place of publication, distribution, etc | New Delhi |
| Name of publisher, distributor, etc | Indian Institute of Public Administration |
| Date of publication, distribution, etc | 1969 |
| 300 ## - PHYSICAL DESCRIPTION | |
| Extent | 132p. |
| 500 ## - GENERAL NOTE | |
| General note | Under auspices of the IIPA |
| 650 ## - SUBJECT ADDED ENTRY--TOPICAL TERM | |
| Topical term or geographic name as entry element | Indian Institute of Public Administration |
| 9 (RLIN) | 10465 |
| 650 ## - SUBJECT ADDED ENTRY--TOPICAL TERM | |
| Topical term or geographic name as entry element | Government Corporations |
| 9 (RLIN) | 10466 |
| 942 ## - ADDED ENTRY ELEMENTS (KOHA) | |
| Source of classification or shelving scheme | |
| Withdrawn status | Lost status | Damaged status | Koha normalized classification for sorting | Not for loan | Permanent location | Current location | Date acquired | Full call number | Barcode | Date last seen | Price effective from | Koha item type | Source of classification or shelving scheme |
|---|---|---|---|---|---|---|---|---|---|---|---|---|---|
| U_61_000000000000000_AR67 | Indian Institute of Public Administration | Indian Institute of Public Administration | 2018-08-04 | U61 Ar67 | GR8087 | 2018-08-04 | 2018-08-04 | GR | |||||
| U_61_000000000000000_AR67 | Indian Institute of Public Administration | Indian Institute of Public Administration | 2018-08-04 | U61 Ar67 | GR8085 | 2018-08-04 | 2018-08-04 | GR | |||||
| U_61_000000000000000_AR67 | Indian Institute of Public Administration | Indian Institute of Public Administration | 2018-08-04 | U61 Ar67 | GR8084 | 2018-08-04 | 2018-08-04 | GR | |||||
| U_61_000000000000000_AR67 | Indian Institute of Public Administration | Indian Institute of Public Administration | 2018-08-04 | U61 Ar67 | GR8083 | 2018-08-04 | 2018-08-04 | GR | |||||
| U_61_000000000000000_AR67 | Indian Institute of Public Administration | Indian Institute of Public Administration | 2018-08-04 | U61 Ar67 | GR8082 | 2018-08-04 | 2018-08-04 | GR | |||||
| U_61_000000000000000_AR67 | Indian Institute of Public Administration | Indian Institute of Public Administration | 2019-09-13 | U61 Ar67 | GR21622 | 2019-09-13 | 2019-09-13 | GR | |||||
| U_61_000000000000000_AR67 | Indian Institute of Public Administration | Indian Institute of Public Administration | 2019-09-13 | U61 Ar67 | GR21621 | 2019-09-13 | 2019-09-13 | GR | |||||
| U_61_000000000000000_AR67 | Indian Institute of Public Administration | Indian Institute of Public Administration | 2021-01-13 | U61 Ar67 | GR22185 | 2021-01-13 | 2021-01-13 | GR |
